| 000 | 01410naa a22003257a 4500 | ||
|---|---|---|---|
| 001 | BR8400208 | ||
| 003 | BR-BrBNA | ||
| 005 | 20250721154424.0 | ||
| 007 | ta | ||
| 008 | 250630b bl.|||m| |||| 00| 0 por d | ||
| 040 |
_aBR-BrBNA _bpor _cBiblioteca Nacional de Agricultura |
||
| 041 | _a(Pt) | ||
| 072 |
_aH20 _b0336 _b4120 |
||
| 090 | _aH20 BR8400208 | ||
| 100 | 1 | _aCasela, C.R. | |
| 100 | 1 | _aBrancao, N. | |
| 100 | 1 | _aGastal, M.F. da C. | |
| 111 | 1 |
_a2. Seminario Nacional de Pesquisa de Soja _cBrasilia, DF (Brazil) _d16 Feb 1981 |
|
| 245 | 1 | _aRacas fisiologicas de Cercospora sojina Hara, agente causal da mancha olho-de-ra em soja (Glycine max (L.)Merrill) | |
| 246 | 1 | _aPhysiological breeds of Cercospora sojina Hara, the causal agent of the frog eye leaf spot on soybean (Glycine max (L.)Merrill) | |
| 246 | 1 |
_a[Annals of the 2. National Seminar of Soybean Research] _bv. 2 |
|
| 500 | _aAnais do 2. Seminario Nacional de Pesquisa de Soja Londrina, PR (Brasil): 1982. p. 255-262 [Summaries (En, Pt)] (BR8400208-AMS) | ||
| 773 | 0 |
_tAnais do 2. Seminario Nacional de Pesquisa de Soja _b _wH20 BR8400208 _gLondrina, PR (Brasil), 1982. p. 255-262 |
|
| 650 | _aSOJA | ||
| 650 | _aMANCHA OLHO DE RA | ||
| 650 | _aRACA FISIOLOGICA | ||
| 490 |
_aDocumentos - Centro Nacional de Pesquisa de Soja (Brazil) _vno. 1 _xISSN 0101-5494 |
||
| 942 |
_cAMS _2AGRIS |
||
| 909 |
_a202506 _bLúcia _c55 _dLúcia Elande |
||
| 999 |
_c334657 _d334657 |
||